Ratowanie "bibuły"

Titel: Ratowanie "bibuły"
Verfasser:
In: Karta. [Polnische Ausgabe], Heft 4 (1994), Seite 142
alle Artikel anzeigen
Veröffentlicht: 1994
Format: Aufsatz
Sprache: Polnisch
Kein Bild verfügbar
X
alg: 39194359
001A    $01999:11-11-16 
001B    $01999:18-03-23 $t02:12:49.000 
001C    $06050:19-11-16 $t09:39:26.000 
001D    $01999:11-11-16 
001U    $0utf8 
001X    $00 
002@    $0Aox 
003@    $0391943596 
007A    $0391943596 $aHEB 
007T    $0Herda19834h 
010@    $apol 
011@    $a1994 
021A    $aRatowanie "bibuły" 
028A    $aG $dZ 
031A    $e4 $h142 $j1994 
039B    $aIn $8--Abvc--. Karta. [Polnische Ausgabe]. - Warszawa : Fundacja KARTA, 1981-. - ISSN 0867-3764 $x199400000000004858 $9048657948 
045T    $aOST $qDE-12 $2FID 
045T    $a7,41 

lok: 39194359 78

exp: 39194359 78 1 #EPN
201B/01 $019-04-17 $t10:54:51.000 
201U/01 $0utf8 
203@/01 $0788039431 
208@/01 $a11-11-16 $be 
209A/01 $a/ $f000 $x00 
244Z/01 $2Trx $#Poola $#Lenkija $#Polija $#Polen Land $#Poland $#Lengyelország $#Poľsko $#Polsko $8--Trx--Polska$gkraj $x01 $9391345966 
244Z/01 $2Trx $#vastupanu, antikommunistlik $#antikomunistinis pasipriešinimas $#anticommunist resistance $#ellenállás, antikommunista $#opozycja antykomunistyczna $#odboj, protikomunistický $#odboj, protikomunistický $8--Trx--Widerstand, antikommunistischer $x02 $9391367366 
244Z/01 $2Trx $8--Trx--Zeitschriftenaufsatz $x03 $9391384341 
247C/01 $82080>Marburg/Lahn, Herder-Institut, Forschungsbibliothek, Bibliographieportal $9336309341
LEADER 00000caa a22000002c 4500
001 391943596
003 DE-603
005 20230318021249.0
007 tu
008 161111s1994 xx |||| | u00||u|pol c
035 |a (DE-599)HEB391943596 
040 |a DE-603  |b ger  |c DE-603  |d DE-603 
041 |a pol 
084 |a OST  |q DE-12  |2 fid 
084 |a 7,41  |2 ssgn 
100 1 |a G, Z 
245 0 0 |a Ratowanie "bibuły" 
264 0 |c 1994 
773 0 8 |i In  |t Karta. [Polnische Ausgabe]  |d Warszawa : Fundacja KARTA, 1981-  |x 0867-3764  |g Heft 4 (1994), Seite 142  |w (DE-603)048657948  |w (DE-600)1224572-0 
924 0 |9 2080  |a (DE-603)788039431  |b DE-2080  |c HES  |d d  |g /